Indexy finančního stresu pro Českou republiku a Maďarsko

Stres na finančných trhoch. Index finančného stresu. Vyhodnotenie indexu finančného stresu. Porovnanie indexu finančného stresu s historickými príkladmi.

Na minha lista:
Detalhes bibliográficos
Autor principal: Šimáček, Milan
Formato: Capítulo de Livro
Idioma:tcheco
Assuntos:
Tags: Adicionar Tag
Sem tags, seja o primeiro a adicionar uma tag!

MARC

LEADER 00000naa a2200000 4500
001 0164439
005 20260325122127.3
041 0 |a cze 
044 |a CZ 
245 1 0 |a Indexy finančního stresu pro Českou republiku a Maďarsko  |c Milan Šimáček 
520 |a Stres na finančných trhoch. Index finančného stresu. Vyhodnotenie indexu finančného stresu. Porovnanie indexu finančného stresu s historickými príkladmi. 
610 2 0 |a Česko 
610 2 0 |a Maďarsko 
610 2 0 |a trh finančný 
610 2 0 |a investori 
610 2 0 |a investovanie 
610 2 0 |a modelovanie ekonometrické 
610 2 0 |a stres finančný 
100 1 |a Šimáček, Milan